| 000 | 01279nam a2200229Ia 4500 | ||
|---|---|---|---|
| 003 | Ost | ||
| 005 | 20260507075101.0 | ||
| 008 | 260507s9999||||xx |||||||||||||| ||und|| | ||
| 020 | _a977590272X | ||
| 040 | _cfsecg | ||
| 041 | _aara | ||
| 082 | _a658.8 | ||
| 100 |
_aأبوعلفة، عصام الدين أمين _eمؤلف |
||
| 245 | 0 |
_aالتوزيع : _bالمفاهيم-الإستراتيجيات-العمليات(النظرية والتطبيق) / _c عصام الدين أمين أبوعلفة |
|
| 260 |
_aالاسكندرية: _bمؤسسة حورس, _c2002 |
||
| 300 |
_a240 صفحة؛ _bإيضاحات ؛ _c24 سم |
||
| 504 | _aبيبليوغرافيا :ص.239 | ||
| 520 | _aاستراتيجيات التوزيع،قنوات التوزيع،مؤسسات التوزيع،تخطيط مؤسسات التوزيع،استراتيجيات التنسيق في مؤسسات التوزيع،إدارة الشركاء لمؤسسة التوزيع-تقييم أداء مؤسسات التوزيع،التوزيع المادي | ||
| 653 | _aالتسويق | ||
| 653 | _aالتوزيع | ||
| 942 | _cكتاب | ||
| 999 |
_c42800 _d42800 |
||